Les 10 pays les plus septentrionaux - Mort Subite - Statistiques

Statistiques générales
  • Ce quiz a été pris 106 fois
  • Le résultat moyen est 6 sur 10
Answers on the Grid
Answers color-coded by a green-red scale on the quiz's grid according to % correct below.
Danemark
Mongolie
Royaume-Uni
Lituanie
Islande
Biélorussie
Etats-Unis
Canada
Irlande
Chine
Suède
Japon
Norvège
Russie
Kazakhstan
Finlande
Estonie
Allemagne
Pologne
Pays Bas
 
Statistiques - réponses
Réponse % Correct
Islande
81%
Canada
76%
Norvège
75%
Russie
75%
Finlande
73%
Suède
73%
Danemark
70%
Etats-Unis
51%
Estonie
27%
Royaume-Uni
24%
Aucun quiz correspondant
Distribution des résultats
% des personnes avec chaque résultat
Percentile par nombre de réponses
Votre historique - résultats
Vous n’avez pas pris ce quiz